000 00577nam a2200205 a 4500
001 BRCA_6322
005 20190320205419.0
008 080811s1908----gw-#######---#000-0#ger-#
041 _ager
044 _agw
050 4 _aQA551
_b.L84 1908
100 1 _aLübsen, H. B.
_d1801-1864
_q(Heinrich Borchert)
_915860
245 1 0 _aAusfuehrliches Lehrbuch der ebenen und sphaerischen Trigonometrie
_cH. B. Lübsen.
260 _aLeipzig
_bF. Brandstetter
_c1908
300 _a146 p.
_c21 cm.
500 _aK183
650 1 4 _aTrigonometría
_915861
902 _aGFM
942 _2lcc
_cB
999 _c6008
_d6008